000 00518nam a22001697a 4500
003 MACL
005 20160113122040.0
008 160113b xxu||||| |||| 00| 0 eng d
040 _cMACL
041 _aHindi
082 _a510
100 _aजॉगडे एंव दीक्षित
_931626
245 _aअरिथमेटिक विद शॉर्टकट मैथडस
260 _aआगरा
_bउपकार प्रकाशन
650 _aमैथ्‍स
_931627
942 _2ddc
_cHIN
999 _c52139
_d52139